50 Biggest Cities in Thailand - Statistics

General Stats
  • This quiz has been taken 48 times
  • The average score is 12 of 50
Answer Stats
Rank Population Answer % Correct
1 5,666,264 Bangkok
100%
7 200,952 Chiang Mai
92%
26 89,072 Phuket
82%
29 78,756 Chiang Rai
64%
22 97,296 Pattaya
59%
5 219,164 Chonburi
54%
6 208,781 Nakhon Ratchasima
44%
15 122,533 Ubon Ratchathani
44%
4 247,231 Udon Thani
41%
8 191,696 Hat Yai
38%
3 291,555 Nonthaburi
38%
14 127,201 Surat Thani
38%
19 106,737 Rayong
36%
13 147,579 Khon Kaen
33%
2 388,920 Samut Prakan
33%
27 84,264 Songkhla
33%
28 81,962 Phra Nakhon Si Ayutthaya
28%
12 156,139 Lampang
26%
16 120,836 Nakhon Si Thammarat
21%
23 93,558 Yala
21%
21 99,819 Chanthaburi
18%
37 63,699 Kanchanaburi
18%
20 103,427 Phitsanulok
18%
44 57,761 Lop Buri
15%
24 92,448 Ratchaburi
15%
18 117,927 Nakhon Pathom
13%
25 91,802 Nakhon Sawan
13%
38 63,609 Nong Khai
13%
42 58,350 Chaiyaphum
10%
49 55,102 Kalasin
10%
9 182,926 Pak Kret
10%
31 76,237 Sakon Nakhon
10%
39 63,498 Samut Sakhon
10%
10 178,916 Si Racha
10%
35 66,713 Trang
10%
43 58,313 Uttaradit
10%
47 55,835 Chumphon
5%
41 58,787 Kamphaeng Phet
5%
11 171,333 Phra Pradaeng
5%
34 67,763 Saraburi
5%
50 53,399 Suphan Buri
5%
32 73,938 Lat Luang
3%
30 78,305 Bang Kruai
0%
45 57,559 Ban Pong
0%
17 118,551 Khlong Luang
0%
48 55,619 Klaeng
0%
33 72,819 Krathum Baen
0%
40 60,700 Lam Luk Ka
0%
46 57,008 Phra Phutthabat
0%
36 65,444 Sattahip
0%
No matching quizzes found
Score Distribution
Percent of People with Each Score
Percentile by Number Answered
Your Score History
You have not taken this quiz